Statistiques concernant Pays visité par Ethan Hunt

Cliquez ici pour prendre le quiz!

Statistiques générales

  • Ce quiz a été pris 26 fois
  • Le résultat moyen est 11 sur 17

Statistiques - réponses

Pays% Correct
Etats Unis
95%
France
95%
Royaume Uni
91%
Russie
91%
Espagne
86%
Allemagne
82%
Chine
82%
Italie
82%
Inde
73%
Emirats Arabes Unis
64%
Maroc
64%
Australie
59%
Autriche
50%
Vatican
36%
République tchèque
32%
Biélorussie
23%
Cachemire
9%

Distribution des résultats

Percentile par nombre de réponses

% des personnes avec chaque résultat

Votre développement - résultats

Vous n’avez pas pris ce quiz